Normal view
MARC view
- الطب الشعبي
Entry Topical Term
001 - CONTROL NUMBER
- control field: 17115
003 - CONTROL NUMBER IDENTIFIER
- control field: JO-AjAnu
005 - DATE AND TIME OF LATEST TRANSACTION
- control field: 20230606073029.0
008 - FIXED-LENGTH DATA ELEMENTS
- fixed length control field: 230606|| aca||aabn | a|a d
040 ## - CATALOGING SOURCE
- Original cataloging agency: JO-AjAnu
- Transcribing agency: JO-AjAnu
150 ## - HEADING--TOPICAL TERM
- Topical term or geographic name entry element: الطب الشعبي
670 ## - SOURCE DATA FOUND
- Source citation: Work cat.: (JO-AjAnu)8786: عبدالله ، محمد محمود, author 17114, لكل داء دواء